| 000 | 00983nam a22001697a 4500 | ||
|---|---|---|---|
| 999 |
_c57137 _d57137 |
||
| 005 | 20191127110002.0 | ||
| 008 | 191127s ge ||||| |||| 00| 0 geo d | ||
| 020 | _q25875191 | ||
| 041 |
_ageo _hger |
||
| 245 |
_aშედარებითი სამართლის : ქართულ - გერმანული ჟურნალი : _b2019 №1 / რედ. დავით მაისურაძე. |
||
| 260 |
_aთბილისი, _c2019. |
||
| 300 | _aV. | ||
| 653 | _aსამართალი | ||
| 700 |
_aმაისურაძე, დავით _eრედაქტორი _95582 |
||
| 710 |
_eთინათინ წერეთლის სახელობის სახელმწიფოსა და სამართლის ინსტიტუტი გერმანისს საერთაშორისო თანამშრომლობის საზოგადოება (GIZ) _95583 |
||
| 942 |
_2udc _cCR |
||